| 000 | 01047njm a2200277 i 4500 | ||
|---|---|---|---|
| 001 | 4680 | ||
| 003 | ES-MaACL | ||
| 005 | 20250728043231.0 | ||
| 007 | s|r||||||||||| | ||
| 008 | 070806s1967 sp ||| g ||||||||1|nspa d | ||
| 100 | 1 |
_aCaboara, Lorenzo. _933239 |
|
| 245 | 1 | 0 |
_aDemocracia e partiti politici _h[Grabación sonora] / _cinterviene Lorenzo Caboara. |
| 260 |
_aMadrid : _bAteneo de Madrid, _c1967. |
||
| 300 |
_a1 disco (CD-DA) (59 min. 28 seg.) ; _c12 cm. |
||
| 490 | 1 | _aActos independientes | |
| 500 | _aDatos basados en la invitación. | ||
| 518 | _aActo organizado por el Aula de Poesía del Ateneo de Madrid, grabado el miércoles 5 de abril de 1967. | ||
| 610 | 2 | 4 |
_aAteneo de Madrid- _xActos culturales- _y1967- _vGrabaciones sonoras. _91881 |
| 650 | 1 | 4 |
_aPartidos políticos. _915858 |
| 650 | 7 |
_aDemocracia _2embne _911574 |
|
| 710 | 2 |
_aAteneo de Madrid. _bAula de Poesía. _91949 |
|
| 830 | 0 |
_aActos independientes _9177078 |
|
| 852 |
_aES-MaACL _jROT 3/3/7 _94797 _cROT |
||
| 942 | _2udc | ||
| 999 |
_c4680 _d4680 |
||